Statistics for Lil Peep - Lil Kennedy

Click here to take the quiz!

General Stats

  • This quiz has been taken 14 times
  • The average score is 257 of 344

Answer Stats

Answer% Correct
be
100%
die
100%
dont
100%
i
100%
I
100%
Lamborghini
100%
me
100%
pull
100%
see
100%
the
100%
they
100%
They
100%
til
100%
up
100%
a
86%
and
86%
death
86%
ever
86%
Everybody
86%
Fuck
86%
Kennedy
86%
less
86%
Lil
86%
memory
86%
Memory
86%
my
86%
she
86%
sweetie
86%
then
86%
wanna
86%
aint
71%
another
71%
away
71%
Blood
71%
bury
71%
but
71%
Centipedes
71%
centipedes
71%
comin
71%
destiny
71%
eat
71%
for
71%
fuckin
71%
full
71%
got
71%
had
71%
im
71%
in
71%
Junkie
71%
Just
71%
keep
71%
ketamine
71%
Ketamine
71%
leather
71%
Leave
71%
leave
71%
Liquid
71%
meanin
71%
meet
71%
no
71%
Pussy
71%
red
71%
remedy
71%
slow
71%
some
71%
to
71%
wet
71%
you
71%
bed
57%
bitch
57%
chill
57%
dead
57%
drain
57%
drive
57%
Enemies
57%
envy
57%
Feed
57%
gon
57%
greedy
57%
her
57%
ima
57%
Ima
57%
Lead
57%
Limousine
57%
limousine
57%
next
57%
of
57%
Pocket
57%
seats
57%
sheets
57%
think
57%
Head
43%
head
43%
Methamphetamine
43%
methamphetamine
43%
never
43%
on
43%
put
43%
sexy
43%
that
43%
your
43%
cant
29%
get
29%
let
29%
music
29%
neck
29%
till
29%
ecstasy
14%
give
14%
givin
14%
come
0%

Score Distribution

Percentile by Number Answered

Percent of People with Each Score

Your Score History

You have not taken this quiz